000
00305nam a22001457a 4500
003
SGT
020
_a
978-81-8489-793-7
082
_a
615
_b
FRA
100
_a
FRANCIS, G. E.
245
_a
DRUG TARGETING
260
_a
USA
_b
HUMANA PUB
_c
2000
300
_a
318
650
_a
DRUG TARGETING
942
_2
ddc
_c
BK
999
_c
33115
_d
33115